Deutschsprachige Zeitungen in Rußland : (Titelsatznr. 9947)
[ MARC ]
| 000 -Satzkennung | |
|---|---|
| Kontrollfeld mit fester Länge | 00729nam a22002411c 4500 |
| 001 - Kontrollnummer | |
| Kontrollfeld | a987661223 |
| 008 - Feld mit fester Länge zur physischen Beschreibung - Allgemeine Angaben | |
| Kontrollfeld mit fester Länge | 080623s ger d |
| 041 ## - Sprachcode | |
| Sprachcode des Textes/der Tonspur oder des separaten Titels | ger |
| 040 ## - Katalogisierungsquelle | |
| Übertragungsstelle | RU-10907106 |
| 003 - Kontrollnummer Identifier | |
| Kontrollfeld | RU-10907106 |
| 100 1# - Haupteintragung - Personenname | |
| Personenname | Sittig, Hendrik |
| Koha-Normdatenidentnummer | 12973 |
| 245 00 - Titel | |
| Titel | Deutschsprachige Zeitungen in Rußland : |
| Zusatz zum Titel | Geschichte und Gegenwart2008 |
| 300 ## - Physische Beschreibung | |
| Umfang | CD-Rom (12cm): PDF-Dokument (229 S.) |
| 336 ## - Inhaltstyp | |
| Inhaltstypterm | Text |
| Inhaltstypcode | txt |
| Quelle | rdacontent |
| 337 ## - Medientyp | |
| Bezeichnung des Medientyps | Computermedien |
| Medientypcode | c |
| Quelle | rdamedia |
| 338 ## - Datenträgertyp | |
| Datenträgertypbezeichnung | Computerdisk |
| Datenträgertypcode | cd |
| Quelle | rdacarrier |
| 502 ## - Dissertationsvermerk | |
| Dissertationsvermerk | Universität Leipzig Diplomarbeit 2003 |
| 506 ## - Fußnote zu Zugangsbeschränkungen | |
| Zugangsbedingungen | Sonderstandort, wenden Sie sich bitte an das Bibliothekspersonal |
| 650 #0 - Nebeneintragung unter einem Schlagwort - Sachschlagwort | |
| Sachschlagwort oder geografischer Name als Eintragungselement | Presse |
| 650 #0 - Nebeneintragung unter einem Schlagwort - Sachschlagwort | |
| Sachschlagwort oder geografischer Name als Eintragungselement | Deutsche |
| Koha-Normdatenidentnummer | 3532 |
| 655 #0 - Indexierungsterm - Genre/Form | |
| Genre/Form oder fokussierter Term | Hochschulschrift |
| 942 ## - Zusätzliche Felder (Koha) | |
| Koha-Medientyp | AV-Medien |
| Ausgeschieden | Verloren | Beschädigt | Nicht entleihbar | Heimatbibliothek | Aufenthaltsbibliothek | Aufstellungsort | Erwerbungsdatum | Inventarnummer | Signatur | Barcode | Letzte Aktivität | Preis gültig von | Koha-Medientyp |
|---|---|---|---|---|---|---|---|---|---|---|---|---|---|
| MWN Osteuropa | MWN Osteuropa | Magazin - 2 | 23/06/2008 | 08-02104 | R 60 o Deut 18 | 9949 | 18/03/2021 | 22/03/2021 | AV-Medien |